| 000 | 005090000a22001810004500 | ||
|---|---|---|---|
| 003 | MACL | ||
| 005 | 20160209165548.0 | ||
| 008 | 160209b xxu||||| |||| 00| 0 eng d | ||
| 040 |
_aMACL _cMACL |
||
| 041 | _aHindi | ||
| 082 | _a200 | ||
| 100 |
_aदेशपांडे निर्मला _937519 |
||
| 245 | _aत्रिवेणी | ||
| 260 |
_bअखिल भारत सर्व सेवा _c1957 _aकाशी |
||
| 350 | _a0.50 | ||
| 650 |
_aReligion _937520 |
||
| 942 |
_cHIN _k200 _2ddc |
||
| 999 |
_c25738 _d25738 |
||